01899cam a22004214i 4500003000900000005001700009008004100026020001500067020001800082035002000100082001700120100002900137245017000166264006700336300006200403336002100465337002500486338002300511490007400534504003900608504002300647505056500670526000901235526000901244526000901253526000901262526000901271526000901280526000801289526000801297526000801305526000801313526000801321526000801329650004201337650004201379650005601421PE-LiUPU20250731184539.0181219s2011 xxua r 001 0 eng  a1931745846 a9781931745840 a(Sirsi) a25110304a933bR842231 aRosen, Steven A.eautor.13aAn investigation into early desert pastoralism :bexcavations at the Camel site, Negev /cby Steven A. Rosen ; with contributions by Yael Abadi-Reiss [y otros once]. 1a[Los Angeles] :bCotsen Institute of Archaeology Press,c2011. axiii, 220 páginas :bilustraciones ;c28 centímetros. atext2rdacontent aunmediated2rdamedia avolume2rdacarrier0 aUCLA Cotsen Institute of Archaeology Press monographs ;vmonograph 69 aBibliografía: páginas 213-215. aÍndice: 217-220.0 aIntroduction: Toward an Archaeology of Early Nomadism at the Camel Site -- Location and Environment -- The Physical Site: Stratigraphy, Architecture, and Site Features -- Chronology -- The Pottery from the Camel Site The Lithic Assemblage from the Camel Site -- Milling Stones and Waste -- Copper Objects from the Camel Site -- The Camel Site Obsidian: Analyses, Synthesis and Implications -- Shells, Beads, and Other Artifacts -- Sediments and Microartifacts from the Camel Site -- The Organization of Space at the Camel Site -- The Camel Site in Perspective. aP136 aP135 aP134 aP133 aP144 aP143 aP87 aP35 aP20 aP14 aP10 aP0604aAntigüedades prehistoricaszIsrael.04aExcavaciones (Arqueología)zIsrael.04aSistemas de pastoreozIsraelxHistoriayHasta 1500.